Assessing the development of labour productivity in the EU countries

Posúdenie vývoja produktivity práce v HDP na jednu zamestnanú osobu v EÚ 15. V referenčnom období rokov 1994-2003 boli vyhodnotené krajiny EÚ a pre porovnanie USA a Japonsko. Pre matematicko-štatistickú analýzu boli použité metódy regresnej a korelačnej analýzy a vývojové trendy. Rastúci trend vývoj...

Descrizione completa

Salvato in:
Dettagli Bibliografici
Autore principale: Klíma, Jan
Altri autori: Palát, Milan
Natura: Capitolo di libro
Lingua:inglese
Soggetti:
Tags: Aggiungi Tag
Nessun Tag, puoi essere il primo ad aggiungerne!!

MARC

LEADER 00000naa$a2200000$$$4500
001 0037971
005 20231113141643.8
041 0 |a eng 
044 |a CZ 
245 1 0 |a Assessing the development of labour productivity in the EU countries  |c Jan Klíma, Milan Palát 
520 |a Posúdenie vývoja produktivity práce v HDP na jednu zamestnanú osobu v EÚ 15. V referenčnom období rokov 1994-2003 boli vyhodnotené krajiny EÚ a pre porovnanie USA a Japonsko. Pre matematicko-štatistickú analýzu boli použité metódy regresnej a korelačnej analýzy a vývojové trendy. Rastúci trend vývoja je najsilnejší v Írsku. Najväčší pokles môžeme sledovať v Taliansku a Nemecku. Vývojový trend v Českej republike je mierne rastúci. 
610 2 0 |a Európska únia 
610 2 0 |a produktivita práce 
610 2 0 |a meranie produktivity práce 
610 2 0 |a vývoj 
610 2 0 |a analýzy 
610 2 0 |a metódy matematicko-štatistické 
100 1 |a Klíma, Jan 
700 1 |a Palát, Milan